000 00711nam a22002537a 4500
003 UA-OsUOA
001 20389
007 ta
008 20031028b un ||||| |||| 00| 0 ukr d
100 _aЗубов Н.Н.
700 _aЧерненко М.Б.
090 _a910.4 (420+571:9)
_bЗ-91
942 _cBK
040 _aUA-OsUOA
_brus
_cUA-OsUOA
_dUA-OsUOA
245 _aРусские люди в Арктике и Антарктиде
300 _a144 с.
955 _a0
041 _arus
080 _a910.4 (420+571:9)
260 _aМосква
_bВоенное изд-во военного министерства Союза ССР
_c1951
044 _aRU
650 7 _2UDC
999 _c306566
_d306566